| 000 | 00386nam a2200145Ia 4500 | ||
|---|---|---|---|
| 008 | 230917s9999||||xx |||||||||||||| ||und|| | ||
| 040 |
_e4207 _aMAIN |
||
| 041 | _aEnglish | ||
| 082 | _a329.973 S54P | ||
| 100 | _aSullivan, Denis G | ||
| 245 | 4 | _aThe politics of representation: the democratic convention 1972 | |
| 260 |
_aNew York _bSt Martin _c1974 |
||
| 300 | _a149p p. | ||
| 942 | _cBK | ||
| 999 |
_c34947 _d34947 |
||